| 000 | 00866nam a22002415i 4500 | ||
|---|---|---|---|
| 001 | 175089 | ||
| 003 | ES-MaACL | ||
| 005 | 20250815103924.0 | ||
| 008 | 101005s1951 sp |||| | spa d | ||
| 080 | _a946.018.1"09/10" | ||
| 080 | _a342.5(460.18)"09/10" | ||
| 100 | 0 |
_aSánchez Candeira, Alfonso. _9102519 |
|
| 245 | 1 | 3 |
_aEl "Regnum-Imperium" leonés hasta 1037 / _cpor Alfonso Sánchez Candeira. |
| 260 |
_a[Madrid] : _bEscuela de Estudios Medievales, _c1951. |
||
| 300 |
_a71 p. ; _c26 cm. |
||
| 490 | 1 |
_aMonografías de ciencia moderna ; _v27 |
|
| 650 | 0 | 4 |
_aLeón (Reino)- _xHistoria. _9189497 |
| 650 | 4 |
_aInstituciones políticas- _zLeón (Reino) _9143454 |
|
| 710 | 2 |
_aEscuela de Estudios Medievales (España) _9170983 |
|
| 830 | 0 |
_aMonografías de ciencia moderna _v27 _9189470 |
|
| 852 |
_aES-MaACL _jE-13293 _xP-555 bis |
||
| 999 |
_c175089 _d175089 |
||